| 000 | 00351nam a2200133Ia 4500 | ||
|---|---|---|---|
| 008 | 220216s9999 xx 000 0 und d | ||
| 100 | _aOwen G | ||
| 245 | 0 | _aSome comments on notes by HFW gray on covers and manuring in immature rubber areas | |
| 260 |
_bPlanter _c1951 |
||
| 300 | _a309-311 | ||
| 650 | _aManuring | ||
| 650 | _aRubber | ||
| 942 | _cJS | ||
| 999 |
_c68947 _d68947 |
||